Kỹ thuật sử dụng và sửa chữa đồ điện

保存先:
書誌詳細
フォーマット: Sách
言語:Undetermined
出版事項:  Lao động - Xã hội  2015
主題:
タグ: タグ追加
タグなし, このレコードへの初めてのタグを付けませんか!
Thư viện lưu trữ: Trung tâm Thư viện - Trường Đại học Công nghiệp TP. Hồ Chí Minh
LEADER 00462nam a2200133Ia 4500
001 UIH_05048
008 231011s9999 xx 000 0 und d
082 |a  621.3028 
245 0 |a  Kỹ thuật sử dụng và sửa chữa đồ điện 
260 |b  Lao động - Xã hội 
260 |c  2015 
650 |a  Điện; Điện;  
927 |a Sách 
980 |a Trung tâm Thư viện - Trường Đại học Công nghiệp TP. Hồ Chí Minh